Costumbres jurídico-catalanas (Record no. 162704)

MARC details
000 -LEADER
campo de control de longitud fija 00886nam a22001815i 4500
001 - NÚMERO DE CONTROL
campo de control 162704
003 - IDENTIFICADOR DE NÚMERO DE CONTROL
campo de control ES-MaACL
005 - FECHA Y HORA DE LA ÚLTIMA TRANSACCIÓN
campo de control 20230906212601.0
008 - DATOS DE LONGITUD FIJA--INFORMACIÓN GENERAL
campo de control de longitud fija 990903s1894 sp |||| | spa d
040 ## - FUENTE DE CATALOGACIÓN
Centro catalogador/agencia de origen CCPB | B
Lengua de catalogación spa
Centro/agencia transcriptor CCPB | B
100 1# - ENTRADA PRINCIPAL--NOMBRE DE PERSONA
Nombre de persona Puig-Samper y de Maynar, Federico de.
9 (RLIN) 131422
245 10 - MENCIÓN DEL TÍTULO
Título Costumbres jurídico-catalanas
Resto del título : La Pubilla : conferencia dada en la Academia de Jurisprudencia y Legislación de Barcelona /
Mención de responsabilidad, etc. por Federico de Puig-Samper y de Maynar.
260 ## - PUBLICACIÓN, DISTRIBUCIÓN, ETC.
Lugar de publicación, distribución, etc. Barcelona :
Nombre del editor, distribuidor, etc. [s.n.],
Fecha de publicación, distribución, etc. 1894 (
Fabricante Establecimiento Tipográfico de Jaime Jepús)
300 ## - DESCRIPCIÓN FÍSICA
Extensión 31 p. ;
Dimensiones 26 cm.
650 04 - PUNTO DE ACCESO ADICIONAL DE MATERIA--TÉRMINO DE MATERIA
Término de materia o nombre geográfico como elemento de entrada Derecho consuetudinario-
Subdivisión geográfica Cataluña.
9 (RLIN) 11687
710 0# - ENTRADA AGREGADA--NOMBRE DE ENTIDAD CORPORATIVA
Nombre de entidad corporativa o nombre de jurisdicción como elemento de entrada Academia de Jurisprudencia y Legislación de Barcelona.
9 (RLIN) 1182
852 ## - LOCALIZACIÓN
Ubicación ES-MaACL
Número de control de estantería T-820-F-6
Nota libre -- Enc. hol., conservando la enc. original
-- -- Ded. del autor al Ateneo de Madrid
-- -- Enc. en un vol. facticio
Holdings
Estatus retirado Estado de pérdida Estado de daño No para préstamo Colección Biblioteca de origen Biblioteca actual Ubicación en estantería Fecha de adquisición Total de préstamos Signatura topográfica completa Código de barras Visto por última vez Precio de reemplazo Tipo de ítem Koha
        Colección de folletos Biblioteca del Ateneo de Madrid Biblioteca del Ateneo de Madrid Depósito folletos 17/01/2008   T-820-F-6 1170460 23/02/2023 23/02/2023 Folleto